Political Parties in Canada - Statistics

General Stats
  • This quiz has been taken 410 times
    357 since last reset
  • The average score is 9 of 15
Answer Stats
Answer % Correct
Liberal
99%
Quebec Liberal
99%
BC United
98%
Conservative
98%
Green
95%
New Democratic
91%
Bloc Québécois
79%
Progressive Conservative
58%
Parti Québécois
46%
Saskatchewan
41%
Coalition Avenir Québec
29%
United Conservative
29%
Yukon
27%
Québec solidaire
25%
Saskatchewan United
10%
No matching quizzes found
Score Distribution
Percent of People with Each Score
Percentile by Number Answered
Your Score History
You have not taken this quiz since the last reset